000 00513nam a22001697a 4500
008 150611b xxu||||| |||| 00| 0 eng d
080 _a75
100 _aWallace, Robert,
_d1919-
245 0 0 _aThe world of Van Gogh, 1853-1890,
_cby Robert Wallace and the editors of Time-Life Books.
260 _aNew York,
_bTime-Life Books
_c[1969]
300 _a192 f. :
_bme il. :
_c32 cm.
490 _aTime-Life library of art
505 _aIndex : f. 186-188
650 0 _aPainter
650 0 _aPiktorë
942 _2udc
_cBK
999 _c1038
_d1038